[Event "Europa ch 2012 femenino"]
[Site "Gaziantep TUR"]
[Date "2012.03.07"]
[Round "6.12"]
[White "Muzychuk, Mariya"]
[Black "Szczepkowska-Horowska, Karina"]
[Result "1/2-1/2"]
[WhiteElo "2490"]
[BlackElo "2369"]
[PlyCount "125"]
[EventDate "2012.03.02"]
[EventType "swiss"]
[EventRounds "11"]
[EventCountry "TUR"]
[Source "lmi"]
[SourceDate "2012.03.02"]

1. e4 e5 2. Nf3 Nc6 3. Nc3 Nf6 4. Bb5 Bb4 5. O-O O-O 6. d3 d6 7. Bg5 Bxc3 8.
bxc3 Qe7 9. Re1 Nd8 10. d4 Bg4 11. h3 Bh5 12. Bh4 Ne6 13. Re3 g5 14. Bg3 exd4
15. cxd4 Bxf3 16. gxf3 Nh5 17. Bf1 Nhf4 18. d5 Nc5 19. Qd4 f6 20. Kh2 Ng6 21.
Ree1 Nd7 22. Qe3 Kh8 23. f4 gxf4 24. Bxf4 Nxf4 25. Qxf4 Rg8 26. Be2 Ne5 27. Rg1
Ng6 28. Qf5 Qe5+ 29. Qxe5 fxe5 30. Bg4 Nf4 31. Rg3 Rg7 32. Rag1 Rag8 33. h4 b6
34. Bf3 h5 35. Re1 Kh7 36. Re3 Rf8 37. Rc3 Rff7 38. Re3 Kh6 39. Rc3 Ng6 40. Rg5
Rxf3 41. Rxg6+ Rxg6 42. Rxf3 Rg4 43. Kh3 Rxe4 44. Rc3 Ra4 45. Rxc7 Rxa2 46. Rc6
Kg7 47. Rxd6 Rxc2 48. Rd7+ Kf6 49. Rxa7 Rxf2 50. Rh7 Rf3+ 51. Kg2 Rd3 52. Rxh5
b5 53. Rh6+ Kf5 54. Rd6 Kg4 55. Kf2 Kxh4 56. Ke2 Rd4 57. Rd8 Kg5 58. d6 Kf6 59.
d7 Ke7 60. Rb8 Kxd7 61. Rxb5 Ke6 62. Ke3 Rh4 63. Rb8 1/2-1/2

[Event "Europa ch 2012 femenino"]
[Site "Gaziantep TUR"]
[Date "2012.03.07"]
[Round "6.13"]
[White "Bulmaga, Irina"]
[Black "Galojan, Lilit"]
[Result "1/2-1/2"]
[WhiteElo "2307"]
[BlackElo "2364"]
[PlyCount "93"]
[EventDate "2012.03.02"]
[EventType "swiss"]
[EventRounds "11"]
[EventCountry "TUR"]
[Source "lmi"]
[SourceDate "2012.03.02"]

1. e4 g6 2. d4 Bg7 3. Nf3 d6 4. Bd3 Nc6 5. c3 e5 6. dxe5 dxe5 7. Qc2 Nf6 8. O-O
O-O 9. b4 Bg4 10. Nbd2 Nh5 11. h3 Nf4 12. Bc4 Bd7 13. Re1 Qf6 14. Bf1 Rfe8 15.
Kh2 a5 16. b5 Na7 17. g3 Ne6 18. a4 Nc8 19. Bg2 Nb6 20. Nb3 Red8 21. Kg1 c6 22.
Be3 Nc4 23. bxc6 Bxc6 24. Bc1 Qe7 25. Bf1 Nb6 26. Bb5 Bxb5 27. axb5 a4 28. Nbd2
Qc7 29. c4 Bf8 30. Ba3 Bc5 31. Bb2 f6 32. Ba3 Rac8 33. Rec1 Bxa3 34. Rxa3 Qc5
35. Qa2 Kg7 36. Kg2 Rd7 37. Nf1 Nd4 38. Rd3 Rcd8 39. Ne3 Nxf3 40. Rxd7+ Rxd7
41. Kxf3 Rd4 42. g4 Rd3 43. Ke2 Rd4 44. Kf3 Kh8 45. Rc2 Rd3 46. Ke2 Rd4 47. Kf3
1/2-1/2

[Event "Europa ch 2012 femenino"]
[Site "Gaziantep TUR"]
[Date "2012.03.07"]
[Round "6.15"]
[White "Molchanova, Tatjana"]
[Black "Bezgodova, Maria"]
[Result "0-1"]
[WhiteElo "2346"]
[BlackElo "2200"]
[PlyCount "80"]
[EventDate "2012.03.02"]
[EventType "swiss"]
[EventRounds "11"]
[EventCountry "TUR"]
[Source "lmi"]
[SourceDate "2012.03.02"]

1. c4 e6 2. g3 d5 3. Bg2 c5 4. Nf3 Nf6 5. O-O Nc6 6. d4 dxc4 7. Qa4 cxd4 8.
Nxd4 Qxd4 9. Bxc6+ Bd7 10. Rd1 Qxd1+ 11. Qxd1 Bxc6 12. a4 Bc5 13. Bd2 h5 14. h4
Ne4 15. e3 g5 16. Nc3 Nxd2 17. Qxd2 gxh4 18. gxh4 Rg8+ 19. Kf1 Bf3 20. Ne2 Rd8
21. Qc3 b6 22. Ng3 Ke7 23. Qe5 Rd5 24. Qf4 Bd1 25. Ne4 Bc2 26. Qc7+ Kf8 27. Ng3
a5 28. Ke2 Bd3+ 29. Kf3 Rg6 30. Kg2 Bd6 31. Qc8+ Kg7 32. Kh3 Bxg3 33. fxg3 Bf5+
34. Kg2 Be4+ 35. Kh3 Rd2 36. Rg1 Bf5+ 37. g4 Bxg4+ 38. Rxg4 Rxg4 39. Qc7 Rdg2
40. Qe5+ Kg6 0-1

[Event "Europa ch 2012 femenino"]
[Site "Gaziantep TUR"]
[Date "2012.03.07"]
[Round "6.16"]
[White "Drljevic, Ljilja"]
[Black "Rakic, Marija"]
[Result "0-1"]
[WhiteElo "2278"]
[BlackElo "2270"]
[PlyCount "80"]
[EventDate "2012.03.02"]
[EventType "swiss"]
[EventRounds "11"]
[EventCountry "TUR"]
[Source "lmi"]
[SourceDate "2012.03.02"]

1. e4 Nf6 2. e5 Nd5 3. d4 d6 4. Nf3 Bg4 5. Be2 c6 6. h3 Bh5 7. exd6 exd6 8. O-O
Be7 9. c4 Nc7 10. Nc3 O-O 11. d5 c5 12. Ne4 Bg6 13. Ng3 Nd7 14. Bf4 b5 15. b3
a5 16. h4 Nf6 17. Nh2 h6 18. Bd3 Qd7 19. Bxg6 fxg6 20. Qd3 Ng4 21. Qxg6 Nxh2
22. Nh5 Qg4 23. Bg5 Nf3+ 24. Kh1 Rf7 25. gxf3 Qxf3+ 26. Kh2 hxg5 27. Rae1 Bf6
28. Ng3 gxh4 29. Nf5 Qf4+ 30. Kh3 Be5 31. Rxe5 dxe5 32. Nxh4 Rf6 33. Qg4 Qxg4+
34. Kxg4 bxc4 35. bxc4 Raf8 36. f3 Rf4+ 37. Kg5 R8f6 38. Re1 Ne8 39. Rxe5 Nd6
40. Kh5 Rh6+ 0-1

[Event "Europa ch 2012 femenino"]
[Site "Gaziantep TUR"]
[Date "2012.03.07"]
[Round "6.18"]
[White "Shaydullina, Sandugach"]
[Black "Dworakowska, Joanna"]
[Result "0-1"]
[WhiteElo "2197"]
[BlackElo "2304"]
[PlyCount "88"]
[EventDate "2012.03.02"]
[EventType "swiss"]
[EventRounds "11"]
[EventCountry "TUR"]
[Source "lmi"]
[SourceDate "2012.03.02"]

1. d4 Nf6 2. c4 e6 3. Nf3 d5 4. Nc3 dxc4 5. e3 a6 6. a4 c5 7. Bxc4 Nc6 8. O-O
cxd4 9. exd4 Be7 10. Bg5 O-O 11. Re1 Bd7 12. Qe2 Rc8 13. Rad1 Nd5 14. Nxd5 exd5
15. Bxe7 Nxe7 16. Bb3 Ng6 17. Ne5 Bf5 18. Qf3 Bc2 19. Bxc2 Rxc2 20. Qb3 Qc7 21.
Nd7 Rd8 22. Nb6 Qc6 23. a5 Nf4 24. Qf3 Ne6 25. Qb3 h6 26. h3 Rd6 27. Qb4 Nf4
28. Nc8 Rg6 29. Ne7+ Kh7 30. Kh1 Rxg2 31. Rf1 Qe6 32. Qb3 Qe4 33. Qxc2 Qxc2 34.
Nxd5 Rxf2 35. Nxf4 Rxf4 36. Rxf4 Qxd1+ 37. Kg2 f6 38. Kf2 Qd2+ 39. Kf3 Qxb2 40.
Ke4 Qe2+ 41. Kd5 Qc2 42. Ke6 Qe2+ 43. Kd5 Qc2 44. Ke6 Qc8+ 0-1

[Event "Europa ch 2012 femenino"]
[Site "Gaziantep TUR"]
[Date "2012.03.07"]
[Round "6.19"]
[White "Olsarova, Karolina"]
[Black "Borosova, Zuzana"]
[Result "1/2-1/2"]
[WhiteElo "2189"]
[BlackElo "2302"]
[PlyCount "49"]
[EventDate "2012.03.02"]
[EventType "swiss"]
[EventRounds "11"]
[EventCountry "TUR"]
[Source "lmi"]
[SourceDate "2012.03.02"]

1. e4 e5 2. Nf3 Nc6 3. Bb5 a6 4. Ba4 Nf6 5. O-O Be7 6. Re1 b5 7. Bb3 O-O 8. h3
d6 9. c3 Na5 10. Bc2 c5 11. d4 Qc7 12. Nbd2 Nc6 13. d5 Nd8 14. Nf1 Ne8 15. a4
Rb8 16. N3h2 f6 17. Ng3 g6 18. axb5 axb5 19. f4 exf4 20. Bxf4 Nf7 21. Ng4 Ne5
22. Ne3 Nf7 23. Ng4 Ne5 24. Ne3 Nf7 25. Ng4 1/2-1/2

[Event "Europa ch 2012 femenino"]
[Site "Gaziantep TUR"]
[Date "2012.03.07"]
[Round "6.20"]
[White "Kineva, Ekaterina"]
[Black "Mamedjarova, Turkan"]
[Result "1/2-1/2"]
[WhiteElo "2126"]
[BlackElo "2284"]
[PlyCount "62"]
[EventDate "2012.03.02"]
[EventType "swiss"]
[EventRounds "11"]
[EventCountry "TUR"]
[Source "lmi"]
[SourceDate "2012.03.02"]

1. e4 e5 2. Bc4 Nc6 3. Nf3 Bc5 4. d3 Nf6 5. O-O d6 6. c3 O-O 7. Bb3 Qe7 8. Bg5
a6 9. Re1 Ba7 10. Nbd2 Nd8 11. d4 Ne6 12. Bxe6 Qxe6 13. h3 Nd7 14. Nf1 h6 15.
Be3 Re8 16. Ng3 Nf8 17. Nh4 Qf6 18. Nhf5 Bxf5 19. Nxf5 Ng6 20. Qf3 Kh7 21. Rad1
exd4 22. Bxd4 Bxd4 23. Nxd4 Qxf3 24. Nxf3 Re7 25. Re3 Rae8 26. Rde1 Nf4 27. Nd4
Ng6 28. Nf3 Nf4 29. Nd4 Ng6 30. Nf3 Nf4 31. Nd4 Ng6 1/2-1/2

[Event "Europa ch 2012 femenino"]
[Site "Gaziantep TUR"]
[Date "2012.03.07"]
[Round "6.21"]
[White "Alexanian, Nelli"]
[Black "Chelushkina, Irina"]
[Result "1/2-1/2"]
[WhiteElo "2114"]
[BlackElo "2263"]
[PlyCount "103"]
[EventDate "2012.03.02"]
[EventType "swiss"]
[EventRounds "11"]
[EventCountry "TUR"]
[Source "lmi"]
[SourceDate "2012.03.02"]

1. d4 Nf6 2. c4 c5 3. d5 b5 4. a4 b4 5. Qc2 d6 6. e4 e5 7. dxe6 Bxe6 8. g3 Nc6
9. Bg2 Nd4 10. Qd3 Nd7 11. f4 b3 12. Na3 Nb6 13. Kf2 Be7 14. Nf3 O-O 15. Nxd4
cxd4 16. f5 Bd7 17. a5 Na4 18. Nb5 Nc5 19. Qxd4 Bf6 20. Qxd6 Bxb5 21. Qxd8
Rfxd8 22. cxb5 Nd3+ 23. Ke2 Rac8 24. Rd1 Rc2+ 25. Kf1 Rf2+ 26. Kg1 Re2 27. Bf1
Bd4+ 28. Kh1 Nf2+ 29. Kg2 Rc2 30. Rd2 Rxd2 31. Bxd2 Nxe4 32. Bf4 Bxb2 33. Rb1
Bc3 34. b6 axb6 35. axb6 Nd2 36. Bc7 Nxb1 37. Bxd8 b2 38. Bd3 Na3 39. Bc7 Bd4
40. b7 Ba7 41. b8=Q+ Bxb8 42. Bxb8 b1=Q 43. Bxb1 Nxb1 44. Kf3 Nc3 45. Be5 Nd5
46. Ke4 Nb6 47. Bd4 Nc4 48. h3 f6 49. Kd5 Nd2 50. Be3 Nf3 51. Bf4 Kf7 52. Ke4
1/2-1/2

[Event "Europa ch 2012 femenino"]
[Site "Gaziantep TUR"]
[Date "2012.03.07"]
[Round "6.23"]
[White "Bezgodova, Svetlana"]
[Black "Bronnikova, Elizaveta"]
[Result "1/2-1/2"]
[WhiteElo "2109"]
[BlackElo "2252"]
[PlyCount "87"]
[EventDate "2012.03.02"]
[EventType "swiss"]
[EventRounds "11"]
[EventCountry "TUR"]
[Source "lmi"]
[SourceDate "2012.03.02"]

1. e4 c5 2. Nf3 d6 3. c3 Nf6 4. Be2 Nc6 5. d3 g6 6. O-O Bg7 7. Nbd2 O-O 8. Re1
e5 9. a3 a5 10. a4 h6 11. Nc4 Be6 12. Qb3 Qe7 13. Bf1 Nh5 14. Be3 f5 15. Rad1
f4 16. Bc1 Kh8 17. Be2 Bf7 18. Qc2 g5 19. Nb6 Rae8 20. Nd5 Qd7 21. h3 Nf6 22.
Nxf6 Bxf6 23. Nh2 h5 24. Rd2 Bg6 25. Qd1 Qf7 26. g4 hxg4 27. Bxg4 Kg7 28. Kg2
Rh8 29. Rh1 Rh7 30. Re2 Reh8 31. Ree1 Bh5 32. Reg1 Bxg4 33. Nxg4 Rh4 34. f3 Ne7
35. Bd2 Qh5 36. Nf2 Qf7 37. Be1 R4h7 38. Kf1 Nc6 39. Rg4 Kf8 40. c4 Bd8 41. Bc3
Rh5 42. Ke2 Ke8 43. Qb3 R8h7 44. Qd1 1/2-1/2

[Event "Europa ch 2012 femenino"]
[Site "Gaziantep TUR"]
[Date "2012.03.07"]
[Round "6.24"]
[White "Abdulla, Khayala"]
[Black "Tsiganova, Monika"]
[Result "0-1"]
[WhiteElo "2246"]
[BlackElo "2185"]
[PlyCount "80"]
[EventDate "2012.03.02"]
[EventType "swiss"]
[EventRounds "11"]
[EventCountry "TUR"]
[Source "lmi"]
[SourceDate "2012.03.02"]

1. e4 e5 2. Nf3 Nc6 3. Bb5 a6 4. Ba4 Nf6 5. d3 d6 6. c3 g6 7. O-O Bg7 8. Re1
O-O 9. Bg5 h6 10. Bh4 b5 11. Bc2 Be6 12. a4 Qd7 13. d4 Bg4 14. dxe5 Bxf3 15.
Qxf3 Nxe5 16. Qe2 Rfe8 17. Nd2 Rab8 18. axb5 axb5 19. Ra5 d5 20. f4 Nc4 21. Ra6
Nh5 22. Nxc4 bxc4 23. Ba4 Qc8 24. Bxe8 Nxf4 25. Qf1 Qxa6 26. exd5 g5 27. Bg3
Qb6+ 28. Kh1 Qxb2 29. Bxf4 gxf4 30. Qxf4 Qxc3 31. Bxf7+ Kh8 32. Rg1 Qd3 33.
Qxc7 Rf8 34. Qe7 c3 35. Be6 c2 36. h4 Rf1 37. Qd8+ Bf8 38. Qc7 Rxg1+ 39. Kxg1
Qe3+ 40. Kh2 c1=Q 0-1

[Event "Europa ch 2012 femenino"]
[Site "Gaziantep TUR"]
[Date "2012.03.07"]
[Round "6.25"]
[White "Hairapetian, Anna"]
[Black "De Seroux, Camille"]
[Result "1-0"]
[WhiteElo "2227"]
[BlackElo "2122"]
[PlyCount "63"]
[EventDate "2012.03.02"]
[EventType "swiss"]
[EventRounds "11"]
[EventCountry "TUR"]
[Source "lmi"]
[SourceDate "2012.03.02"]

1. e4 c5 2. Nc3 d6 3. g3 Nc6 4. Bg2 g6 5. d3 Bg7 6. f4 Nf6 7. Nf3 Rb8 8. Be3 b5
9. Qd2 Bd7 10. h3 Qc7 11. O-O h6 12. Rae1 b4 13. Nd1 O-O 14. g4 Qa5 15. f5 g5
16. h4 Nxg4 17. hxg5 h5 18. Nh4 Be5 19. Bf4 Bd4+ 20. Kh1 Qxa2 21. Bh3 Be5 22.
Bxg4 hxg4 23. Bxe5 Nxe5 24. f6 Qe6 25. Nf5 Nf3 26. Rxf3 gxf3 27. Qh2 exf6 28.
Qh6 Qxf5 29. exf5 Rfe8 30. Rg1 f2 31. Nxf2 Bc6+ 32. Kh2 1-0

[Event "Europa ch 2012 femenino"]
[Site "Gaziantep TUR"]
[Date "2012.03.07"]
[Round "6.26"]
[White "Umudova, Nargiz"]
[Black "Ozturk, Hilal"]
[Result "1-0"]
[WhiteElo "2220"]
[BlackElo "1784"]
[PlyCount "73"]
[EventDate "2012.03.02"]
[EventType "swiss"]
[EventRounds "11"]
[EventCountry "TUR"]
[Source "lmi"]
[SourceDate "2012.03.02"]

1. e4 e5 2. Nf3 Nc6 3. Bb5 a6 4. Ba4 Nf6 5. O-O Be7 6. Re1 b5 7. Bb3 d6 8. a3
O-O 9. d3 Be6 10. Bxe6 fxe6 11. c3 Qd7 12. Nbd2 Rad8 13. b4 Nh5 14. d4 exd4 15.
cxd4 Nf4 16. Nf1 Rf7 17. Bxf4 Rxf4 18. Rc1 Nb8 19. d5 Rf6 20. Nd4 e5 21. Nc6
Rdf8 22. Re2 Nxc6 23. Rxc6 Qg4 24. Qc2 Bd8 25. Rxa6 Rg6 26. Ne3 Qd7 27. Rc6 Qh3
28. Rc3 Qh5 29. Nf5 Rg5 30. Rg3 g6 31. Rxg5 Qxg5 32. Ne3 Rf4 33. Qd3 h5 34. Nf1
h4 35. h3 Rf7 36. Qxb5 Qc1 37. a4 1-0

[Event "Europa ch 2012 femenino"]
[Site "Gaziantep TUR"]
[Date "2012.03.07"]
[Round "6.27"]
[White "Motycakova, Monika"]
[Black "Foisor, Mihaela-Veronica"]
[Result "1-0"]
[WhiteElo "2087"]
[BlackElo "2242"]
[PlyCount "71"]
[EventDate "2012.03.02"]
[EventType "swiss"]
[EventRounds "11"]
[EventCountry "TUR"]
[Source "lmi"]
[SourceDate "2012.03.02"]

1. e4 e6 2. d4 d5 3. Nd2 Nf6 4. e5 Nfd7 5. f4 c5 6. c3 Nc6 7. Ndf3 cxd4 8. cxd4
Bb4+ 9. Kf2 Qb6 10. g3 f6 11. Kg2 O-O 12. Bd3 Be7 13. a3 Kh8 14. Ne2 fxe5 15.
fxe5 Rxf3 16. Kxf3 Nxd4+ 17. Kg2 Nb3 18. Nf4 Kg8 19. Bxh7+ Kxh7 20. Qh5+ Kg8
21. Ng6 Qc5 22. Rf1 Nf6 23. Qh8+ Kf7 24. Nxe7 Qc2+ 25. Rf2 Qe4+ 26. Kg1 Qe1+
27. Rf1 Qe4 28. Rf2 Qe1+ 29. Rf1 Qxe5 30. Qg8+ Kxe7 31. Qxg7+ Kd8 32. Bg5 Qd4+
33. Rf2 Qxf2+ 34. Kxf2 Bd7 35. Qxf6+ Kc7 36. Qc3+ 1-0

[Event "Europa ch 2012 femenino"]
[Site "Gaziantep TUR"]
[Date "2012.03.07"]
[Round "6.28"]
[White "Mareckova, Martina"]
[Black "Coimbra, Margarida"]
[Result "1-0"]
[WhiteElo "2114"]
[BlackElo "2156"]
[PlyCount "127"]
[EventDate "2012.03.02"]
[EventType "swiss"]
[EventRounds "11"]
[EventCountry "TUR"]
[Source "lmi"]
[SourceDate "2012.03.02"]

1. e4 e5 2. Nf3 Nc6 3. Bc4 Bc5 4. c3 Nf6 5. d3 d6 6. Nbd2 a6 7. Bb3 Ba7 8. Nf1
O-O 9. Ng3 Be6 10. O-O h6 11. h3 d5 12. Re1 dxe4 13. dxe4 Qxd1 14. Rxd1 Bxb3
15. axb3 Rad8 16. Rxd8 Rxd8 17. Kf1 Nd7 18. b4 Nf8 19. Nf5 Ne6 20. g3 f6 21. h4
h5 22. Ke2 Kf7 23. Ne3 Ne7 24. Nc4 Nc6 25. Ne1 Nf8 26. Nc2 Nd7 27. N2e3 Bxe3
28. Bxe3 Nf8 29. Na3 b5 30. Nc2 Nb8 31. Ba7 Nfd7 32. Ne3 g6 33. Nd5 c6 34. Nc7
Rc8 35. Nxa6 Nxa6 36. Rxa6 Ra8 37. Ra5 Ke6 38. Be3 Rb8 39. Ra7 Kd6 40. f4 Re8
41. Kd3 f5 42. b3 Re6 43. c4 fxe4+ 44. Kxe4 exf4+ 45. Kxf4 bxc4 46. bxc4 Re8
47. Bd4 Rb8 48. Bc3 Rf8+ 49. Ke3 Re8+ 50. Kd3 Rf8 51. c5+ Ke6 52. Ke4 Nf6+ 53.
Bxf6 Kxf6 54. Ra6 Re8+ 55. Kd4 Re6 56. Rb6 Kf5 57. b5 cxb5 58. c6 Re4+ 59. Kd5
Re1 60. c7 Rd1+ 61. Kc6 Rc1+ 62. Kb7 Rxc7+ 63. Kxc7 Kg4 64. Rxg6+ 1-0

[Event "Europa ch 2012 femenino"]
[Site "Gaziantep TUR"]
[Date "2012.03.07"]
[Round "6.29"]
[White "Patel, Yesim"]
[Black "Cherednichenko, Elena"]
[Result "1/2-1/2"]
[WhiteElo "1839"]
[BlackElo "2130"]
[PlyCount "122"]
[EventDate "2012.03.02"]
[EventType "swiss"]
[EventRounds "11"]
[EventCountry "TUR"]
[Source "lmi"]
[SourceDate "2012.03.02"]

1. e4 e5 2. Nf3 Nc6 3. Bb5 a6 4. Ba4 d6 5. O-O Bd7 6. c3 g6 7. d4 Bg7 8. Re1
Qe7 9. d5 Nb8 10. c4 Nf6 11. Nc3 O-O 12. Bxd7 Nbxd7 13. Be3 Nh5 14. Rc1 h6 15.
b4 Qe8 16. Nd2 f5 17. f3 b6 18. c5 bxc5 19. bxc5 Nxc5 20. Bxc5 dxc5 21. Na4 Nf4
22. Nxc5 fxe4 23. Ndxe4 Qf7 24. Nc3 Rfd8 25. Nb7 Rdb8 26. Rb1 e4 27. Nxe4 Nxd5
28. Kh1 Nc3 29. Nxc3 Bxc3 30. Re3 Bg7 31. Qe2 Qd5 32. Reb3 Re8 33. Qc2 Qe6 34.
Qd2 Qf5 35. Qb4 Kh8 36. Nc5 a5 37. Qc4 Rad8 38. Ne4 Be5 39. Qb5 Ra8 40. Qd5 a4
41. Rd3 Rab8 42. Rbd1 Qh5 43. f4 Bg7 44. Qf7 Qf5 45. Qxf5 gxf5 46. Ng3 Rb4 47.
Nxf5 Rxf4 48. Nxg7 Kxg7 49. Kg1 c5 50. g3 Rfe4 51. R1d2 R8e7 52. Kf2 Rf7+ 53.
Rf3 a3 54. Rxf7+ Kxf7 55. Rd3 Ra4 56. Rc3 Ra5 57. Ke3 Ke6 58. Rc4 Kd5 59. Rh4
Ra6 60. Kd3 Re6 61. Rh5+ Kc6 1/2-1/2

[Event "Europa ch 2012 femenino"]
[Site "Gaziantep TUR"]
[Date "2012.03.07"]
[Round "6.31"]
[White "Kaya, Emel"]
[Black "Alev, Gonulden Seda"]
[Result "1-0"]
[WhiteElo "1997"]
[BlackElo "1612"]
[PlyCount "75"]
[EventDate "2012.03.02"]
[EventType "swiss"]
[EventRounds "11"]
[EventCountry "TUR"]
[Source "lmi"]
[SourceDate "2012.03.02"]

1. e4 c5 2. Nf3 d6 3. d4 cxd4 4. Nxd4 Nf6 5. f3 a6 6. c4 e6 7. Nc3 Be7 8. Be2
Qc7 9. Be3 Nc6 10. Rc1 O-O 11. O-O Bd7 12. Qd2 Rac8 13. Kh1 Ne5 14. b3 Rfd8 15.
f4 Neg4 16. Bg1 e5 17. Nd5 Nxd5 18. cxd5 Qb8 19. Bxg4 Bxg4 20. fxe5 dxe5 21.
Qf2 Rf8 22. Nf5 Bxf5 23. Qxf5 Bd6 24. Ba7 Qa8 25. Bb6 Qb8 26. Qd7 Ba3 27. Bc7
Qa7 28. Rxf7 Rxf7 29. Qxc8+ Rf8 30. Qe6+ Kh8 31. Bb6 Qxb6 32. Qxb6 Bxc1 33. g3
Bb2 34. d6 Bd4 35. Qc7 g5 36. d7 Rf1+ 37. Kg2 Rf2+ 38. Kh3 1-0

[Event "Europa ch 2012 femenino"]
[Site "Gaziantep TUR"]
[Date "2012.03.07"]
[Round "6.33"]
[White "Dai, Irmak"]
[Black "Cemhan, Kardelen"]
[Result "0-1"]
[WhiteElo "1592"]
[BlackElo "1954"]
[PlyCount "62"]
[EventDate "2012.03.02"]
[EventType "swiss"]
[EventRounds "11"]
[EventCountry "TUR"]
[Source "lmi"]
[SourceDate "2012.03.02"]

1. e4 c5 2. Nf3 Nc6 3. d4 cxd4 4. Nxd4 Qc7 5. Be3 e6 6. Be2 Nf6 7. Nd2 d5 8.
Bf3 Nxd4 9. Bxd4 e5 10. Be3 d4 11. Bg5 Be7 12. h3 Be6 13. O-O h6 14. Bh4 Nxe4
15. Bxe7 Nxd2 16. Qxd2 Qxe7 17. Rfe1 f6 18. Qd3 O-O-O 19. Qb5 h5 20. h4 Kb8 21.
g3 Qd7 22. Qb4 Bd5 23. Be2 Qh3 24. f3 Qxg3+ 25. Kf1 Bxf3 26. Bxf3 Qxf3+ 27. Kg1
Rh6 28. Qd2 Rg6+ 29. Kh2 Rg3 30. Rad1 Rh3+ 31. Kg1 Rh1# 0-1

[Event "Europa ch 2012 femenino"]
[Site "Gaziantep TUR"]
[Date "2012.03.07"]
[Round "6.36"]
[White "Kashlinskaya, Alina"]
[Black "Danielian, Elina"]
[Result "0-1"]
[WhiteElo "2377"]
[BlackElo "2478"]
[PlyCount "56"]
[EventDate "2012.03.02"]
[EventType "swiss"]
[EventRounds "11"]
[EventCountry "TUR"]
[Source "lmi"]
[SourceDate "2012.03.02"]

1. d4 Nf6 2. c4 c5 3. d5 e6 4. Nc3 exd5 5. cxd5 d6 6. Nf3 g6 7. Bf4 Bg7 8. e3
O-O 9. Be2 a6 10. a4 Bg4 11. h3 Bxf3 12. Bxf3 Qe7 13. O-O Nbd7 14. a5 b5 15.
axb6 Rfb8 16. Qc2 Rxb6 17. Be2 Ne8 18. Ra3 Rab8 19. Na4 Rb4 20. Bxa6 Nc7 21.
Bc4 Nb6 22. b3 Nxc4 23. bxc4 Qd7 24. Qa2 h5 25. Rc1 Ne8 26. Rc2 Rb1+ 27. Kh2
Ra1 28. Nxc5 Qf5 0-1

[Event "Europa ch 2012 femenino"]
[Site "Gaziantep TUR"]
[Date "2012.03.07"]
[Round "6.37"]
[White "Skripchenko, Almira"]
[Black "Vojinovic, Jovana"]
[Result "1/2-1/2"]
[WhiteElo "2468"]
[BlackElo "2356"]
[PlyCount "102"]
[EventDate "2012.03.02"]
[EventType "swiss"]
[EventRounds "11"]
[EventCountry "TUR"]
[Source "lmi"]
[SourceDate "2012.03.02"]

1. e4 e6 2. d4 d5 3. Nc3 Nf6 4. Bg5 dxe4 5. Nxe4 Be7 6. Bxf6 gxf6 7. Nf3 f5 8.
Nc3 a6 9. Qd2 b5 10. O-O-O Qd6 11. Qe3 Nd7 12. Bd3 b4 13. Ne2 Bb7 14. Kb1 O-O-O
15. Nf4 Rhg8 16. Rhe1 Bf6 17. Ne5 Bxe5 18. dxe5 Qb6 19. g3 Qxe3 20. Rxe3 Nb6
21. Ree1 a5 22. Be2 Rxd1+ 23. Rxd1 Rd8 24. Re1 Kd7 25. Rd1+ Ke7 26. Rxd8 Kxd8
27. b3 Ke7 28. c3 Nd7 29. cxb4 axb4 30. Nd3 Be4 31. f4 f6 32. exf6+ Nxf6 33.
Kc1 Bxd3 34. Bxd3 Ng4 35. h3 Nf6 36. g4 fxg4 37. hxg4 Nxg4 38. Bxh7 Nf6 39. Bd3
Nd5 40. f5 e5 41. Kb2 Nf6 42. a4 bxa3+ 43. Kxa3 e4 44. Bf1 Kd6 45. b4 Ke5 46.
Kb3 Ng4 47. Be2 Ne3 48. b5 Nxf5 49. Kc4 Kd6 50. Bh5 Ng7 51. Bg6 e3 1/2-1/2

[Event "Europa ch 2012 femenino"]
[Site "Gaziantep TUR"]
[Date "2012.03.07"]
[Round "6.38"]
[White "Mkrtchian, Lilit"]
[Black "Gvetadze, Sofio"]
[Result "1-0"]
[WhiteElo "2458"]
[BlackElo "2334"]
[PlyCount "159"]
[EventDate "2012.03.02"]
[EventType "swiss"]
[EventRounds "11"]
[EventCountry "TUR"]
[Source "lmi"]
[SourceDate "2012.03.02"]

1. d4 g6 2. e4 c5 3. d5 Bg7 4. Nc3 d6 5. Nf3 Bg4 6. Be2 Nf6 7. O-O O-O 8. h3
Bxf3 9. Bxf3 Na6 10. Re1 Nd7 11. Be2 Nc7 12. a4 a6 13. Ra2 b6 14. Bd2 Rb8 15.
Nb1 b5 16. axb5 axb5 17. b4 Ra8 18. Rxa8 Qxa8 19. Bg5 Re8 20. Bg4 Nf6 21. bxc5
dxc5 22. Bf3 Qa5 23. Qd2 b4 24. e5 Nd7 25. Bf4 Nb5 26. Bg4 Nb6 27. d6 e6 28.
Bg5 Nd4 29. f4 Qa2 30. Rc1 h6 31. Bh4 Qd5 32. Bf2 g5 33. fxg5 Bxe5 34. gxh6
Bxd6 35. Rf1 Qe5 36. g3 Nd5 37. Qd3 Nf6 38. Nd2 Nxg4 39. hxg4 Bf8 40. Nc4 Qg5
41. h7+ Kh8 42. Bxd4+ cxd4 43. Rxf7 Bg7 44. Nd6 Rd8 45. Rf5 Qc1+ 46. Rf1 Qxf1+
47. Kxf1 Rxd6 48. g5 Rd5 49. g6 Rd8 50. Ke2 e5 51. Kf3 Rc8 52. Ke4 Rf8 53. Qb5
Rd8 54. Qb6 Rf8 55. Qxb4 Rd8 56. Qe7 Ra8 57. Kd5 Rb8 58. Qc7 Rf8 59. Qe7 Rb8
60. g4 Ra8 61. Ke4 Rb8 62. g5 Rc8 63. Qb7 Rf8 64. Qe7 Rb8 65. Kf5 Ra8 66. Ke6
Ra6+ 67. Kf7 Ra8 68. Qb7 Rd8 69. Ke6 e4 70. Ke7 Rf8 71. Qxe4 Rb8 72. Qd5 Bf8+
73. Kf7 Bg7 74. Qd7 Ra8 75. Qb7 Rd8 76. Qa7 Rc8 77. Ke7 Bf8+ 78. Kd7 Rxc2 79.
Qxd4+ Bg7 80. Qd5 1-0

[Event "Europa ch 2012 femenino"]
[Site "Gaziantep TUR"]
[Date "2012.03.07"]
[Round "6.42"]
[White "Mammadova, Gulnar"]
[Black "Romanko, Marina"]
[Result "0-1"]
[WhiteElo "2324"]
[BlackElo "2417"]
[PlyCount "84"]
[EventDate "2012.03.02"]
[EventType "swiss"]
[EventRounds "11"]
[EventCountry "TUR"]
[Source "lmi"]
[SourceDate "2012.03.02"]

1. e4 c6 2. d4 d5 3. e5 Bf5 4. Nf3 e6 5. Be2 c5 6. Be3 Qb6 7. Nc3 Nc6 8. O-O
Qxb2 9. Qe1 c4 10. Rb1 Qxc2 11. Rxb7 Bb4 12. Bd2 Bxc3 13. Bxc3 Qa4 14. Nh4 Nge7
15. g4 Bg6 16. f4 Be4 17. f5 Qa6 18. Rb2 g5 19. Nf3 h6 20. f6 Bxf3 21. Rxf3 Ng6
22. Qb1 Rc8 23. Bd1 Kd7 24. Rb7+ Rc7 25. Rb5 Nf4 26. a4 Kc8 27. Kh1 Rb7 28. Rf2
Nd3 29. Ra2 Kc7 30. Be2 Nf2+ 31. Kg2 Ne4 32. Ba1 Rhb8 33. Bxc4 dxc4 34. Rxb7+
Qxb7 35. Qxe4 Nb4 36. Qxb7+ Rxb7 37. Rd2 Kc6 38. h4 Kd5 39. Kf3 Nc6 40. hxg5
hxg5 41. Rd1 Rb3+ 42. Ke2 c3 0-1

[Event "Europa ch 2012 femenino"]
[Site "Gaziantep TUR"]
[Date "2012.03.07"]
[Round "6.44"]
[White "Arabidze, Meri"]
[Black "Melia, Salome"]
[Result "0-1"]
[WhiteElo "2337"]
[BlackElo "2400"]
[PlyCount "144"]
[EventDate "2012.03.02"]
[EventType "swiss"]
[EventRounds "11"]
[EventCountry "TUR"]
[Source "lmi"]
[SourceDate "2012.03.02"]

1. d4 Nf6 2. c4 e6 3. Nf3 b6 4. g3 Bb4+ 5. Nbd2 Bb7 6. Bg2 O-O 7. O-O d5 8.
cxd5 exd5 9. Ne5 Be7 10. Qa4 c5 11. Ndf3 Ne4 12. Rd1 Qc8 13. dxc5 bxc5 14. Nd3
Nd7 15. Bh3 Bc6 16. Qc2 Qb7 17. Nfe5 Nxe5 18. Nxe5 Bb5 19. Bf4 Rad8 20. a4 Ba6
21. Bg2 Nf6 22. Rac1 Qb6 23. Be3 Qe6 24. Nd3 d4 25. Bg5 c4 26. Nf4 Qe5 27. Bxf6
Bxf6 28. b4 c3 29. b5 Bc8 30. Qe4 Rfe8 31. Qxe5 Bxe5 32. Nd5 Be6 33. e4 Bxd5
34. exd5 Bf6 35. Kf1 Rc8 36. d6 Red8 37. d7 Rc4 38. Re1 g6 39. Re8+ Kg7 40.
Rxd8 Bxd8 41. Ke2 Rxa4 42. Kd3 Bb6 43. Rc2 Ra3 44. Bd5 Kf6 45. Ra2 Rxa2 46.
Bxa2 Ke7 47. f4 f6 48. Bg8 h6 49. h4 Kxd7 50. Bh7 Kd6 51. Bxg6 Kc5 52. g4 Bc7
53. g5 Bxf4 54. gxf6 Be5 55. f7 Bg7 56. Bf5 Kxb5 57. f8=Q Bxf8 58. Kxd4 Kb4 59.
Bc2 a5 60. Kd3 Bg7 61. Bd1 a4 62. Kc2 a3 63. Kb1 h5 64. Bc2 Bf6 65. Bg6 Kc4 66.
Kc2 Kd4 67. Kb3 Ke3 68. Kxa3 Kd2 69. Kb3 Bxh4 70. Kc4 Bf6 71. Kd5 h4 72. Bf5 h3
0-1